Score 0/46 Timer 05:00
1 Play Today
Clue 4-Letter Word % Correct
'The Red Planet'MARS
95.1%
Mr. DisneyWALT
95%
1/100 of a dollarCENT
94.9%
Hair around a lion's neckMANE
93%
Former Berlin dividerWALL
92.6%
NaCl, e.g.SALT
92.1%
Female horseMARE
91.8%
Hereditary dataGENE
90.7%
Cry outWAIL
90.1%
Hard, damaging precipitationHAIL
90%
MiddayNOON
89.7%
Time for a cheaper priceSALE
89.4%
Slang; Well-dressed manGENT
89.3%
Large bundle of hayBALE
89.3%
Batman villainBANE
87%
Large, motorized vehiclesCARS
86.8%
Noble gas in lampsNEON
85.5%
Bugs or Daffy, e.g.TOON
85.3%
Ripped apartTORN
84.8%
A group of animalsHERD
83.1%
In this spotHERE
82.6%
Having little fatLEAN
81.3%
Ray of lightBEAM
81.3%
Clue 4-Letter Word % Correct
Small wheeled vehicleCART
80.2%
Jack threw one in the groundBEAN
79.5%
Basic unit of lifeCELL
79%
Revolutionary TrotskyLEON
77.4%
Substance secreted by the liverBILE
77.2%
Precious metal with 79 protonsGOLD
76.8%
Actor Richard of 'Chicago'GERE
76.2%
Iron Ager from the British IslesCELT
75.7%
GraspedHELD
75.6%
Fearless and strongBOLD
72.5%
Rude by shortness of speechCURT
72.4%
A disease-causing microorganismGERM
70.4%
Move around a centerTURN
69.5%
Castrate an animalGELD
69.2%
A group of strong devoteesCULT
68.6%
Of Ottoman descentTURK
67%
Tree trunkBOLE
65.4%
Select from a groupCULL
65%
Narrow shelf of landBERM
64.9%
Lie in waitLURK
61.2%
Brownish, ground-dwelling birdLARK
58.3%
Pay close attention toHARK
53.6%
Northern African outer garmentHAIK
52.4%

Today's Daily Dose

Missing Word
Train Books

Word Ladder
Piano Man

Quick Pick
Google Products

Get the Picture
Moana or Coco

Remove Ads.
Support Sporcle.
Get the best of Sporcle when you Go Orange. This ad-free experience offers more features, more stats, and more fun while also helping to support Sporcle. Thank you for becoming a member.

You're not logged in!

Compare scores with friends on all Sporcle quizzes.
OR
Log In

Show Comments

Extras

Top Quizzes Today


Score Distribution

Your Account Isn't Verified!

In order to create a playlist on Sporcle, you need to verify the email address you used during registration. Go to your Sporcle Settings to finish the process.

Report this User

Report this user for behavior that violates our Community Guidelines.

Details: